Quick Pick: Color vs. Pattern Quiz Stats

 Plays Quiz Updated May 7, 2018

Challenge
Share
Tweet
Embed
Score 0/8 Timer 00:30
1 Play Today
% Correct
Lavender
97%
Taupe
92.9%
Cerise
88.4%
Chartreuse
88.2%
Ecru
86.5%
Viridian
83.8%
Bistre
68.1%
Heliotrope
52.8%

Today's Daily Dose

Missing Word
Hayao Miyazaki

Word Ladder
Florida

On This Day
December 13th II

You're not logged in!

Compare scores with friends on all Sporcle quizzes.
OR
Log In

You Might Also Like...

Show Comments

Extras

Top Quizzes Today


Score Distribution

Your Account Isn't Verified!

In order to create a playlist on Sporcle, you need to verify the email address you used during registration. Go to your Sporcle Settings to finish the process.

Report this User

Report this user for behavior that violates our Community Guidelines.

Details: